الباراسايكولوجيا المعاصرة من الإلحاد إلى الإيمان : (رقم التسجيلة. 229)

تفاصيل مارك
000 -الفاتح
عناصر البيانات ثابتة الطول 00795cam a2200193 i 4500
005 - تاريخ ووقت آخر معاملة
حقل ضبط 20251108163335.0
008 - عناصر البيانات ثابتة الطول
عناصر البيانات ثابتة الطول 250721r1996 jo gr 000 0 ara d
082 14 - رقم تصنيف ديوي العشري
رقم التصنيف 133
رقم المادة ح س ي
100 1# - مدخل رئيسي – اسم شخصي
الاسم الشخصي حسين، جمال نصار
علاقة الشخص بالعمل/ دوره مؤلف.
245 12 - بيان العنوان
العنوان الباراسايكولوجيا المعاصرة من الإلحاد إلى الإيمان :
بقية العنوان دعوة لتأسيس باراسايكولوجيا جديدة /
بيان المسؤولية د. جمال نصار حسين, لؤي فتوحي.
264 1# - بيانات النشر، التوزيع…إلخ
مكان النشر، التوزيع...إلخ عمان :
اسم الناشر، الموزع...إلخ دار الكرمل،
تاريخ النشر، التوزيع...إلخ [1996].
300 ## - الوصف المادي
عدد الوحدات المكونة للوعاء 94 صفحة.
650 17 - مدخل إضافي بالموضوع - مصطلح موضوعي
مصطلح موضوعي أو اسم جغرافي كعنصر مدخل علم نفس التخاطر.
650 17 - مدخل إضافي بالموضوع - مصطلح موضوعي
مصطلح موضوعي أو اسم جغرافي كعنصر مدخل الظواهر الطبيعية الخارقة.
650 17 - مدخل إضافي بالموضوع - مصطلح موضوعي
مصطلح موضوعي أو اسم جغرافي كعنصر مدخل الشعور الباطن.
700 1# - مدخل إضافي - اسم شخصي
الاسم الشخصي فتوحي، لؤي
علاقة الشخص بالعمل/ دوره مؤلف.
942 ## - بيانات إضافية (كوها)
نوع التنصيف Dewey Decimal Classification
نوع المادة (كوها) كتب
المقتنيات
حالة السحب حالة الفقدان مصدر التصنيف حالة التلف غير قابل للإعارة المكتبة الرئيسية المكتبة الحالية موقع الرف تاريخ التزويد الرقم المتسلسل Total Checkouts رقم الإستدعاء الباركود تاريخ آخر ظهور تاريخ الفاتورة نوع المادة (كوها) العملة
    Dewey Decimal Classification     المكتبة المركزية المكتبة المركزية الإعارة 06/07/2004 283581   133 / ج م ا 283581 28/07/2025 06/07/2004 كتب  
    Dewey Decimal Classification     المكتبة المركزية المكتبة المركزية الإعارة 02/11/2025 1453707   133 ح س ي 1453707 02/11/2025 02/11/2025 كتب JOD
    Dewey Decimal Classification Unchecked   مكتبة أبو علندا العامة مكتبة أبو علندا العامة الإعارة 06/07/2004 283593   133/جما   28/07/2025 06/07/2004 كتب  
    Dewey Decimal Classification     مكتبة أبو علندا العامة مكتبة أبو علندا العامة الإعارة 06/07/2004 303   133/جما 303 28/07/2025 06/07/2004 كتب  
    Dewey Decimal Classification Unchecked   مكتبة أم قصير والمقابلين العامة مكتبة أم قصير والمقابلين العامة الإعارة 06/07/2004 283592   133/جما   28/07/2025 06/07/2004 كتب  
    Dewey Decimal Classification Unchecked   مكتبة الجويدة مكتبة الجويدة الإعارة 06/07/2004 283588   133/جما   28/07/2025 06/07/2004 كتب  
    Dewey Decimal Classification     مكتبة الحسن العامة مكتبة الحسن العامة الإعارة 06/07/2004 283589   133/جما 283589 28/07/2025 06/07/2004 كتب  
    Dewey Decimal Classification Unchecked   مكتبة حمزة العامة مكتبة حمزة العامة الإعارة 06/07/2004 283590   133/جما   28/07/2025 06/07/2004 كتب  
    Dewey Decimal Classification Unchecked   مكتبة صويلح العامة مكتبة صويلح العامة الإعارة 06/07/2004 283585   133/جما   28/07/2025 06/07/2004 كتب  
    Dewey Decimal Classification Unchecked   مكتبة وادي السير العامة مكتبة وادي السير العامة الإعارة 06/07/2004 283594   133/جما   28/07/2025 06/07/2004 كتب  
Implemented & Customized by: BBB with SCIT (Smart Chains for Information Technology)

Powered by Koha